[Event "Mercredi 2020.02.19 ABCD"]
[Site "Montreal CAN"]
[Date "2020.03.11"]
[Round "4"]
[White "Wang, Rachel"]
[Black "Barko, Maxim"]
[Result "0-1"]
[WhiteElo "1797"]
[BlackElo "1795"]
[PlyCount "102"]
[EventDate "2020.02.19"]
[EventType "swiss"]
[EventRounds "5"]
[EventCountry "CAN"]

1. d4 e6 2. c4 f5 3. Nf3 Nf6 4. Nc3 d5 5. c5 b6 6. b4 a5 7. Bf4 axb4 8. Nb5 Na6
9. cxb6 cxb6 10. Rc1 Ne4 11. Ne5 b3 12. Nc6 Qd7 13. Qxb3 Bb7 14. Nc7+ Nxc7 15.
Ne5 Qb5 16. Rxc7 Bb4+ 17. Kd1 Nxf2+ 18. Kc2 Nxh1 19. Nf7 O-O 20. Nd6 Qa5 21.
Nxb7 Qxa2+ 22. Qxa2 Rxa2+ 23. Kb3 Ra1 24. Bc1 Bd2 25. Bxd2 Rxf1 26. Bb4 Ra8 27.
Ba3 Ra1 28. Bb2 R1a7 29. Rc1 Rxb7 30. Rxh1 Rc7 31. Rc1 Rac8 32. Rxc7 Rxc7 33.
e3 Rc4 34. Bc3 Kf7 35. Kc2 Kg6 36. g3 Kh5 37. h3 Kg5 38. Kd3 h5 39. Bd2 h4 40.
e4+ Kh5 41. exd5 exd5 42. Bf4 g5 43. Bd6 g4 44. hxg4+ fxg4 45. gxh4 Kxh4 46.
Ke3 Kh3 47. Kf2 Rc2+ 48. Kf1 g3 49. Bf4 Rf2+ 50. Kg1 Rxf4 51. Kh1 Rf1# 0-1

[Event "Mercredi 2020.02.19 ABCD"]
[Site "Montreal CAN"]
[Date "2020.03.11"]
[Round "4"]
[White "Zhe, Jia"]
[Black "Guipi Bopala, Prince Eric jr"]
[Result "0-1"]
[WhiteElo "1921"]
[BlackElo "1857"]
[PlyCount "62"]
[EventDate "2020.02.19"]
[EventType "swiss"]
[EventRounds "5"]
[EventCountry "CAN"]

1. Nf3 d5 2. d4 e6 3. e3 Nf6 4. c4 Be7 5. Nc3 O-O 6. b3 c5 7. Bd3 Nc6 8. O-O b6
9. Bb2 Bb7 10. Rc1 Rc8 11. cxd5 exd5 12. Bb1 Re8 13. Ne5 Bd6 14. f4 cxd4 15.
exd4 Nxd4 16. Ng4 Nxg4 17. Qxg4 Bf8 18. Qh3 g6 19. f5 Rxc3 20. Bxc3 Ne2+ 21.
Kh1 Nxc1 22. Rxc1 d4 23. fxg6 hxg6 24. Ba1 Re2 25. Rg1 Qa8 26. Bxd4 Bxg2+ 27.
Qxg2 Rxg2 28. Rxg2 Qd5 29. Bg1 Bc5 30. Bxc5 bxc5 31. Bc2 Kg7 0-1

[Event "Montcalm 1 2020-21 Online"]
[Site "Quebec CAN"]
[Date "2020.11.19"]
[Round "1"]
[White "Auger, Bertrand"]
[Black "Dumont, Eric"]
[Result "1-0"]
[WhiteElo "1907"]
[BlackElo "1760"]
[PlyCount "66"]
[EventDate "2020.11.19"]
[EventType "tourn"]
[EventRounds "5"]
[EventCountry "CAN"]

1. Nf3 d5 2. g3 Bf5 3. Bg2 Nf6 4. d3 e6 5. O-O Bc5 6. b3 O-O 7. Ba3 Nbd7 8.
Bxc5 Nxc5 9. c4 c6 10. Nbd2 a5 11. a3 Qb6 12. Rb1 h6 13. b4 axb4 14. Rxb4 Qa5
15. Qa1 Qxa3 16. Qxa3 Rxa3 17. Rc1 Rfa8 18. cxd5 Ra1 19. Rbc4 Rxc1+ 20. Rxc1
Nfd7 21. dxc6 bxc6 22. Nd4 Ra2 23. N2f3 Bg6 24. Bf1 Bh5 25. Kg2 g5 26. Nxc6 Nb3
27. Rc3 Bxf3+ 28. exf3 Rb2 29. d4 Nb6 30. h3 Nd5 31. Rd3 Nc1 32. Ra3 Kg7 33.
Ne5 Rd2 1-0

[Event "Montcalm 1 2020-21 Online"]
[Site "Quebec CAN"]
[Date "2020.11.19"]
[Round "1"]
[White "Gonthier-Cummings, Eloi"]
[Black "Sauve, Richard"]
[Result "0-1"]
[WhiteElo "1181"]
[BlackElo "1921"]
[PlyCount "58"]
[EventDate "2020.11.19"]
[EventType "tourn"]
[EventRounds "5"]
[EventCountry "CAN"]

1. e4 e6 2. d4 d5 3. Nc3 Nf6 4. e5 Nfd7 5. f4 c5 6. Nf3 Nc6 7. Be3 cxd4 8. Nxd4
Bc5 9. Qd2 O-O 10. O-O-O a6 11. h4 Nxd4 12. Bxd4 b5 13. Bxc5 Nxc5 14. Bd3 b4
15. Ne2 a5 16. Nd4 Ba6 17. Bxa6 Rxa6 18. Nb3 Ne4 19. Qe1 Qc7 20. Qe2 Rc6 21.
Rh3 a4 22. Nd4 Rc4 23. b3 axb3 24. axb3 Qa5 25. c3 Rxc3+ 26. Rxc3 Nxc3 27. Qc2
Nxd1 28. Kxd1 Qa1+ 29. Ke2 Qxd4 0-1

[Event "Montcalm 1 2020-21 Online"]
[Site "Quebec CAN"]
[Date "2020.11.26"]
[Round "2"]
[White "Auger, Bertrand"]
[Black "Gonthier-Cummings, Eloi"]
[Result "1-0"]
[WhiteElo "1907"]
[BlackElo "1181"]
[PlyCount "31"]
[EventDate "2020.11.19"]
[EventType "tourn"]
[EventRounds "5"]
[EventCountry "CAN"]

1. Nf3 d5 2. g3 c6 3. Bg2 Bf5 4. d3 Nf6 5. O-O e6 6. b3 Be7 7. Bb2 h6 8. Nbd2
Nbd7 9. c4 O-O 10. a3 a5 11. Qb1 Nc5 12. Bd4 dxc4 13. bxc4 Rb8 14. Be5 Bd6 15.
Bxd6 Qxd6 16. e4 1-0

[Event "Montcalm 1 2020-21 Online"]
[Site "Quebec CAN"]
[Date "2020.11.26"]
[Round "2"]
[White "Sauve, Richard"]
[Black "Fecteau, Martin"]
[Result "0-1"]
[WhiteElo "1921"]
[BlackElo "1845"]
[PlyCount "122"]
[EventDate "2020.11.19"]
[EventType "tourn"]
[EventRounds "5"]
[EventCountry "CAN"]

1. d4 d5 2. c4 c6 3. Nc3 Nf6 4. e3 a6 5. Nf3 Bg4 6. h3 Bh5 7. Bd3 e6 8. O-O
Nbd7 9. cxd5 exd5 10. e4 dxe4 11. Nxe4 Be7 12. Ng3 Bg6 13. Nf5 Bxf5 14. Bxf5
O-O 15. Bg5 g6 16. Bc2 Nd5 17. Bxe7 Qxe7 18. Re1 Qd6 19. Ne5 N7f6 20. Bb3 Rad8
21. Qf3 Kg7 22. Rad1 Nh5 23. g4 Nhf4 24. Nd3 Ne6 25. Ne5 Qe7 26. Qg3 Qg5 27. h4
Qf4 28. Qxf4 Ndxf4 29. Nf3 Rd6 30. Rd2 Rfd8 31. Bxe6 Nxe6 32. Red1 f6 33. Kg2
Kf7 34. Kg3 Rd5 35. a3 g5 36. hxg5 fxg5 37. Kg2 h6 38. Kf1 Nf4 39. Rc1 Kg6 40.
Rc5 h5 41. gxh5+ Kxh5 42. Rxd5 Rxd5 43. b4 a5 44. Ne1 axb4 45. axb4 Ne6 46. Nc2
Nf4 47. Na3 Kg4 48. Nc2 Rd7 49. Ke1 Rh7 50. Rd1 Rh1+ 51. Kd2 Rxd1+ 52. Kxd1 Kf3
53. Ke1 Nd3+ 54. Kd2 Nxf2 55. b5 Ne4+ 56. Kd3 Nd6 57. bxc6 bxc6 58. Ne3 g4 59.
d5 c5 60. Nc4 g3 61. Nxd6 g2 0-1

[Event "Montcalm 1 2020-21 Online"]
[Site "Quebec CAN"]
[Date "2020.12.02"]
[Round "3"]
[White "Fecteau, Martin"]
[Black "Auger, Bertrand"]
[Result "1-0"]
[WhiteElo "1845"]
[BlackElo "1907"]
[PlyCount "97"]
[EventDate "2020.11.19"]
[EventType "tourn"]
[EventRounds "5"]
[EventCountry "CAN"]

1. d4 f5 2. Nf3 Nf6 3. g3 g6 4. Bg2 Bg7 5. c4 O-O 6. Nc3 d6 7. O-O c6 8. d5 e5
9. dxe6 Bxe6 10. Qd3 Nbd7 11. Ng5 Ne5 12. Nxe6 Qe7 13. Qc2 Qxe6 14. b3 d5 15.
cxd5 cxd5 16. Bb2 Rac8 17. Qd1 Rfd8 18. e3 Ne4 19. Rc1 a6 20. Ne2 Rxc1 21. Nxc1
Nf3+ 22. Bxf3 Bxb2 23. Nd3 Bf6 24. Nf4 Qe5 25. Qc2 Qc3 26. Qxc3 Bxc3 27. Rd1
Nd2 28. Bxd5+ Kh8 29. Bxb7 Be5 30. Rc1 a5 31. Ne6 Re8 32. Ng5 Kg7 33. Nf3 Nxf3+
34. Bxf3 Re7 35. Rc5 Bc7 36. Kf1 Kf6 37. h4 Ke6 38. Ke2 Kd6 39. Rd5+ Ke6 40.
Rd3 Be5 41. Bd5+ Kf6 42. Bc4 Bc7 43. Kf3 h6 44. g4 fxg4+ 45. Kxg4 Re4+ 46. Kh3
Re7 47. Rd4 Be5 48. Rd5 Bc3 49. Rd6+ 1-0

[Event "Montcalm 1 2020-21 Online"]
[Site "Quebec CAN"]
[Date "2020.12.03"]
[Round "3"]
[White "Gonthier-Cummings, Eloi"]
[Black "Dumont, Eric"]
[Result "0-1"]
[WhiteElo "1181"]
[BlackElo "1760"]
[PlyCount "110"]
[EventDate "2020.11.19"]
[EventType "tourn"]
[EventRounds "5"]
[EventCountry "CAN"]

1. e4 c6 2. Nf3 d5 3. Nc3 d4 4. Ne2 c5 5. c3 Bg4 6. Qa4+ Qd7 7. Qxd7+ Nxd7 8.
cxd4 cxd4 9. Nexd4 e5 10. Nb5 Kd8 11. Bc4 f6 12. d4 a6 13. Nc3 Bxf3 14. gxf3
exd4 15. Nd5 b5 16. Bd3 Ne5 17. Ke2 Ne7 18. Nb4 N7c6 19. Nd5 Bc5 20. Rg1 Nxd3
21. Kxd3 Ne5+ 22. Kc2 Ra7 23. b4 d3+ 24. Kc3 Bd4+ 25. Kxd4 Nxf3+ 26. Kxd3 Nxg1
27. Be3 Rd7 28. Rxg1 f5 29. Bb6+ Ke8 30. Bc5 Kf7 31. Rxg7+ Kxg7 32. Bd4+ Kf7
33. Bxh8 Rd8 34. Be5 Ke6 35. Kd4 fxe4 36. Kxe4 Rxd5 37. Bg3 Rd2 38. a3 Ra2 39.
f4 Rxa3 40. f5+ Kf7 41. Bf2 Ra2 42. Bg3 Rb2 43. Bd6 Re2+ 44. Kd5 Kf6 45. Kc6
Kxf5 46. Kb6 Ra2 47. Bg3 Kg4 48. Bd6 h5 49. Kc6 h4 50. Kd5 h3 51. Ke4 Re2+ 52.
Kd3 Kf3 53. Bg3 Re4 54. Kc3 Kg2 55. Bd6 Rc4+ 0-1

[Event "Montcalm 1 2020-21 Online"]
[Site "Quebec CAN"]
[Date "2020.12.10"]
[Round "4"]
[White "Dumont, Eric"]
[Black "Sauve, Richard"]
[Result "1/2-1/2"]
[WhiteElo "1760"]
[BlackElo "1921"]
[PlyCount "81"]
[EventDate "2020.11.19"]
[EventType "tourn"]
[EventRounds "5"]
[EventCountry "CAN"]

1. d4 d5 2. Bf4 Nf6 3. e3 c5 4. c3 Nc6 5. Bd3 Qb6 6. Qc1 Bg4 7. Nd2 e6 8. Ngf3
Be7 9. h3 Bh5 10. O-O O-O 11. Re1 Rfc8 12. Ne5 cxd4 13. Nxc6 Rxc6 14. exd4 a6
15. Re3 Rac8 16. Nf3 Bxf3 17. Rxf3 Qd8 18. Qe1 b5 19. Qe2 Qb6 20. Rg3 b4 21.
Be5 bxc3 22. bxc3 Rxc3 23. Bxa6 Rc1+ 24. Rxc1 Rxc1+ 25. Kh2 Qb1 26. Rb3 Rh1+
27. Kg3 Qg6+ 28. Kf3 Qf5+ 29. Ke3 Rb1 30. Bd3 Rxb3 31. axb3 Qg5+ 32. f4 Qg3+
33. Kd2 Bb4+ 34. Kc2 Ne4 35. f5 Qf2 36. fxe6 Qxe2+ 37. Bxe2 fxe6 38. Ba6 Kf7
39. Bd3 g5 40. Bxe4 dxe4 41. g4 1/2-1/2

[Event "Montcalm 1 2020-21 Online"]
[Site "Quebec CAN"]
[Date "2020.12.10"]
[Round "4"]
[White "Gonthier-Cummings, Eloi"]
[Black "Fecteau, Martin"]
[Result "1-0"]
[WhiteElo "1181"]
[BlackElo "1845"]
[PlyCount "125"]
[EventDate "2020.11.19"]
[EventType "tourn"]
[EventRounds "5"]
[EventCountry "CAN"]

1. e4 c5 2. Nf3 Nc6 3. Bb5 Nf6 4. e5 Nd5 5. O-O e6 6. Re1 Be7 7. c3 O-O 8. d4
cxd4 9. Nxd4 Qc7 10. Nf3 f6 11. Bc4 Nb6 12. exf6 Bxf6 13. Bb3 d5 14. Bg5 Qf7
15. Bxf6 Qxf6 16. Na3 a6 17. Nc2 Bd7 18. Ncd4 Rae8 19. Nxc6 Bxc6 20. Qd4 Nd7
21. Qxf6 Nxf6 22. Nd4 Ne4 23. c4 Nc5 24. Nxe6 Nxb3 25. axb3 Rf6 26. cxd5 Bxd5
27. Nc7 Rxe1+ 28. Rxe1 Bxb3 29. Re3 Rc6 30. Rc3 Rxc3 31. bxc3 a5 32. Nb5 Kf8
33. f4 a4 34. Kf2 Ke7 35. Ke3 Kd7 36. Kd3 Bd5 37. g3 Bc6 38. Nd4 a3 39. Kc2
Ba4+ 40. Kb1 Kd6 41. Nf5+ Kc5 42. Ka2 g6 43. Kxa3 Bd7 44. Ne3 Be6 45. g4 h5 46.
h3 hxg4 47. hxg4 Bf7 48. Kb2 Kd6 49. Kc2 b5 50. Kd3 Bd5 51. Nxd5 Kxd5 52. f5
gxf5 53. gxf5 Ke5 54. f6 Kxf6 55. Kd4 Ke6 56. Kc5 Kd7 57. Kxb5 Kc7 58. Kc5 Kb7
59. Kd6 Kb6 60. c4 Kb7 61. c5 Kc8 62. Kc6 Kd8 63. Kb7 1-0

[Event "Montcalm 1 2020-21 Online"]
[Site "Quebec CAN"]
[Date "2020.12.17"]
[Round "5"]
[White "Fecteau, Martin"]
[Black "Dumont, Eric"]
[Result "1-0"]
[WhiteElo "1845"]
[BlackElo "1760"]
[PlyCount "87"]
[EventDate "2020.11.19"]
[EventType "tourn"]
[EventRounds "5"]
[EventCountry "CAN"]

1. d4 b6 2. e4 Bb7 3. Nc3 e6 4. Nf3 Nf6 5. Bd3 Be7 6. O-O d6 7. Qe2 Nbd7 8. Re1
e5 9. dxe5 dxe5 10. Bg5 h6 11. Bh4 O-O 12. Bg3 Nh5 13. Bxe5 Nxe5 14. Nxe5 Nf4
15. Qf1 Bc5 16. g3 Nxd3 17. Nxd3 Ba6 18. Rad1 Qg5 19. Ne2 Bd6 20. Qg2 Bb7 21.
Nef4 Rae8 22. f3 c5 23. c4 Bb8 24. Nd5 f5 25. e5 Qd8 26. f4 Kh8 27. Nf2 Qc8 28.
Qh3 Qc6 29. b3 Bc8 30. Qh5 Bb7 31. Qh3 b5 32. Qf1 bxc4 33. bxc4 Ba6 34. Qe2 Re6
35. Qc2 g5 36. Qc3 gxf4 37. Nxf4 Bb7 38. Rd5 Kg8 39. Rd2 Rg6 40. Rd5 Rg4 41.
Nxg4 fxg4 42. Qd3 Rxf4 43. gxf4 Bc7 44. Qf5 1-0

[Event "Montcalm 1 2020-21 Online"]
[Site "Quebec CAN"]
[Date "2020.12.17"]
[Round "5"]
[White "Sauve, Richard"]
[Black "Auger, Bertrand"]
[Result "0-1"]
[WhiteElo "1921"]
[BlackElo "1907"]
[PlyCount "88"]
[EventDate "2020.11.19"]
[EventType "tourn"]
[EventRounds "5"]
[EventCountry "CAN"]

1. d4 Nf6 2. c4 e6 3. Nc3 Bb4 4. Qc2 Nc6 5. Nf3 d6 6. a3 Bxc3+ 7. Qxc3 O-O 8.
Bg5 h6 9. Bh4 g5 10. Bg3 Ne4 11. Qd3 f5 12. e3 Qf6 13. O-O-O a5 14. h4 g4 15.
Nd2 Nxg3 16. fxg3 e5 17. Nb1 exd4 18. exd4 f4 19. Nc3 Bf5 20. Qd2 Bg6 21. Qxf4
Qxf4+ 22. gxf4 Rxf4 23. Nb5 Rf2 24. Bd3 Bxd3 25. Rxd3 Rxg2 26. Rd2 Rg3 27. Nxc7
Rf8 28. Nb5 Rf6 29. h5 Ne7 30. Re1 Kf7 31. Rde2 Nf5 32. Rf2 Rf3 33. Ref1 Ne3
34. Rxf3 gxf3 35. Rf2 Ng4 36. Nxd6+ Ke6 37. Ne4 Nxf2 38. Nxf2 Rf4 39. d5+ Kd6
40. b3 a4 41. Kb2 Rh4 42. Nd3 Rh2+ 43. Kc3 axb3 44. Kxb3 f2 0-1

[Event "Montcalm 4 2019-20"]
[Site "Quebec CAN"]
[Date "2020.01.09"]
[Round "1"]
[White "Boissinot, Claude"]
[Black "Fecteau, Martin"]
[Result "0-1"]
[WhiteElo "1460"]
[BlackElo "1874"]
[PlyCount "82"]
[EventDate "2020.01.09"]
[EventType "swiss"]
[EventRounds "5"]
[EventCountry "CAN"]

1. e4 c5 2. d4 cxd4 3. c3 dxc3 4. Nxc3 Nc6 5. Nf3 e6 6. Bc4 a6 7. a3 Nge7 8.
O-O Ng6 9. Qe2 Nge5 10. Nxe5 Nxe5 11. Ba2 Be7 12. Be3 b5 13. f4 Nc6 14. Rfd1
Bb7 15. Rac1 O-O 16. Bb1 Na5 17. e5 Bc6 18. Qd3 g6 19. Ne2 Nc4 20. Bd4 Qb8 21.
Qg3 Qb7 22. f5 exf5 23. Bxf5 Bd5 24. Nf4 Be6 25. Nxe6 dxe6 26. Re1 exf5 27. e6
fxe6 28. Rxe6 Qd7 29. Rxg6+ Kf7 30. Rg7+ Ke8 31. Rd1 f4 32. Qf3 Rc8 33. Qh5+
Kd8 34. Bb6+ Nxb6 35. Rxd7+ Nxd7 36. Qxh7 Bc5+ 37. Kf1 Rc7 38. Qg6 Bd4 39. Rh7
Rc1+ 40. Ke2 Re8+ 41. Kd3 Ne5+ 0-1

[Event "Montcalm 4 2019-20"]
[Site "Quebec CAN"]
[Date "2020.01.09"]
[Round "1"]
[White "Gaudreau, Eric"]
[Black "Cournoyer, Dominic"]
[Result "0-1"]
[WhiteElo "1596"]
[BlackElo "1929"]
[PlyCount "76"]
[EventDate "2020.01.09"]
[EventType "swiss"]
[EventRounds "5"]
[EventCountry "CAN"]

1. Nf3 Nf6 2. g3 d5 3. Bg2 g6 4. O-O Bg7 5. d3 O-O 6. Nbd2 c6 7. c3 Nbd7 8. e4
e5 9. Qc2 Qc7 10. a4 Nc5 11. b4 Ne6 12. Ba3 Bd7 13. a5 Rfe8 14. Bb2 c5 15. c4
dxc4 16. Bxe5 cxd3 17. Qxd3 Qd8 18. Bd6 cxb4 19. e5 Ng4 20. a6 Bc6 21. axb7
Bxb7 22. Qb5 Qb6 23. Qxb6 axb6 24. h3 Nh6 25. Bxb4 Nf5 26. Nc4 b5 27. Nb6 Rxa1
28. Rxa1 Bxf3 29. Bxf3 Nfd4 30. Be4 Bxe5 31. Ra7 Ng5 32. Bg2 Ngf3+ 33. Bxf3
Nxf3+ 34. Kg2 Nd4 35. Nd7 Nc6 36. Nxe5 Nxa7 37. Nd3 Nc6 38. Bc5 Rd8 0-1

[Event "Montcalm 4 2019-20"]
[Site "Quebec CAN"]
[Date "2020.01.09"]
[Round "1"]
[White "Glode, Martin"]
[Black "Servant, Michel"]
[Result "1/2-1/2"]
[WhiteElo "1929"]
[BlackElo "1573"]
[PlyCount "39"]
[EventDate "2020.01.09"]
[EventType "swiss"]
[EventRounds "5"]
[EventCountry "CAN"]

1. e4 c5 2. Nf3 a6 3. c3 d6 4. d4 cxd4 5. cxd4 Nf6 6. Nc3 e6 7. Bd3 Nc6 8. O-O
Be7 9. h3 O-O 10. Be3 b5 11. Rc1 Bb7 12. Qe2 Rc8 13. Nd2 Re8 14. Rfd1 h6 15.
Kh2 Bf8 16. Qf1 Qd7 17. Re1 e5 18. Ne2 exd4 19. Nxd4 Nxd4 20. Bxd4 1/2-1/2

[Event "Montcalm 4 2019-20"]
[Site "Quebec CAN"]
[Date "2020.01.09"]
[Round "1"]
[White "Hebert, Andre jr"]
[Black "Auger, Bertrand"]
[Result "0-1"]
[WhiteElo "1562"]
[BlackElo "1910"]
[PlyCount "74"]
[EventDate "2020.01.09"]
[EventType "swiss"]
[EventRounds "5"]
[EventCountry "CAN"]

1. Nf3 Nf6 2. g3 b6 3. Bg2 Bb7 4. O-O e6 5. d3 d5 6. c4 d4 7. e3 c5 8. exd4
cxd4 9. b3 Nc6 10. Bb2 Bc5 11. a3 a5 12. Re1 O-O 13. Ne5 Qc7 14. Nxc6 Bxc6 15.
Bxc6 Qxc6 16. Qe2 e5 17. Nd2 Rae8 18. Qf3 Qc8 19. Ne4 Nd7 20. Nxc5 bxc5 21.
Rab1 Re6 22. Qd5 e4 23. dxe4 Ne5 24. f4 Rd8 25. fxe5 Rxd5 26. exd5 Rb6 27. Bc1
a4 28. e6 fxe6 29. dxe6 Rxe6 30. Bf4 axb3 31. Rxb3 Rxe1+ 32. Kf2 Re8 33. Rb5
Qf5 34. Kg2 Re2+ 35. Kf1 Qd3 36. Rb8+ Kf7 37. Rb7+ Re7+ 0-1

[Event "Montcalm 4 2019-20"]
[Site "Quebec CAN"]
[Date "2020.01.09"]
[Round "1"]
[White "Lapierre, Gaetan"]
[Black "Fleury, Dominic"]
[Result "1-0"]
[WhiteElo "1908"]
[BlackElo "1491"]
[PlyCount "65"]
[EventDate "2020.01.09"]
[EventType "swiss"]
[EventRounds "5"]
[EventCountry "CAN"]

1. d4 d5 2. c4 Nf6 3. cxd5 Qxd5 4. Nc3 Qd8 5. e4 g6 6. Be2 Bg7 7. Nf3 O-O 8.
O-O Nc6 9. h3 a6 10. Be3 Re8 11. a3 Bd7 12. e5 Qc8 13. exf6 Bxf6 14. Ne4 Bxh3
15. Nxf6+ exf6 16. gxh3 Qxh3 17. Nd2 Rad8 18. Bg4 Qh4 19. Qf3 f5 20. Bh3 Nxd4
21. Bxd4 Rxd4 22. Nb3 Rde4 23. Rad1 g5 24. Bg2 Rg4 25. Rfe1 Ree4 26. Rxe4 fxe4
27. Rd8+ Kg7 28. Qc3+ Kg6 29. Rg8+ Kh5 30. Nd2 Rf4 31. Nxe4 Rxe4 32. Bxe4 Qxe4
33. Qh3+ 1-0

[Event "Montcalm 4 2019-20"]
[Site "Quebec CAN"]
[Date "2020.01.09"]
[Round "1"]
[White "Perreault, Jacquelin"]
[Black "Caire, Francois"]
[Result "0-1"]
[WhiteElo "1740"]
[BlackElo "2237"]
[PlyCount "110"]
[EventDate "2020.01.09"]
[EventType "swiss"]
[EventRounds "5"]
[EventCountry "CAN"]

1. e4 d5 2. exd5 Nf6 3. d4 Bg4 4. Be2 Bxe2 5. Qxe2 Qxd5 6. Nf3 e6 7. Nc3 Qf5 8.
Qb5+ Qxb5 9. Nxb5 Na6 10. Bf4 Nd5 11. Be5 f6 12. Bg3 c6 13. Nd6+ Bxd6 14. Bxd6
Rd8 15. Ba3 Ndb4 16. Kd2 c5 17. Bxb4 Nxb4 18. c3 Nc6 19. Ke3 cxd4+ 20. Nxd4
Nxd4 21. cxd4 Rd7 22. Rac1 Ke7 23. Rc4 Rhd8 24. Rhc1 Rd5 25. Rc7+ R8d7 26.
Rxd7+ Kxd7 27. Rc5 Rd6 28. f4 Rb6 29. b3 g6 30. Ra5 a6 31. Rc5 Rd6 32. Ra5 b5
33. a4 bxa4 34. bxa4 Kc7 35. Rc5+ Rc6 36. Rxc6+ Kxc6 37. g4 Kd5 38. Kd3 h6 39.
h3 g5 40. f5 exf5 41. gxf5 a5 42. Ke3 Kc4 43. Ke4 h5 44. Ke3 Kd5 45. Kd3 g4 46.
hxg4 hxg4 47. Ke3 g3 48. Kf3 Kxd4 49. Kxg3 Ke4 50. Kg4 Ke5 51. Kg3 Kxf5 52. Kf3
Ke5 53. Ke3 Kd5 54. Kf4 Kc4 55. Kf5 Kb4 0-1

[Event "Montcalm 4 2019-20"]
[Site "Quebec CAN"]
[Date "2020.01.09"]
[Round "1"]
[White "Sauve, Richard"]
[Black "Lescarbeau, Martin"]
[Result "0-1"]
[WhiteElo "1937"]
[BlackElo "1706"]
[PlyCount "88"]
[EventDate "2020.01.09"]
[EventType "swiss"]
[EventRounds "5"]
[EventCountry "CAN"]

1. d4 d5 2. c4 c6 3. e3 Nf6 4. Nc3 a6 5. Nf3 g6 6. Bd3 dxc4 7. Bxc4 b5 8. Bd3
Nbd7 9. O-O Bg7 10. h3 O-O 11. Qe2 c5 12. Rd1 c4 13. Bc2 Qc7 14. a3 Bb7 15. e4
Rad8 16. e5 Nd5 17. Ne4 h6 18. Nc3 Nxc3 19. bxc3 e6 20. Nd2 f5 21. exf6 Rxf6
22. Ne4 Bxe4 23. Qxe4 Rdf8 24. Be3 Nb6 25. Qh4 g5 26. Qe4 Nd5 27. Bd2 Bh8 28.
Rf1 Qf7 29. Qe2 Qe7 30. Be4 Qd6 31. a4 Nf4 32. Bxf4 Rxf4 33. axb5 axb5 34. Ra7
Bg7 35. Ra8 Rxa8 36. Bxa8 e5 37. dxe5 Qxe5 38. Qxe5 Bxe5 39. Rb1 Bxc3 40. Rxb5
Bd4 41. Bd5+ Kf8 42. Bf3 c3 43. Rb8+ Ke7 44. Rc8 Kd7 0-1

[Event "Montcalm 4 2019-20"]
[Site "Quebec CAN"]
[Date "2020.01.16"]
[Round "2"]
[White "Auger, Bertrand"]
[Black "Dumont, Eric"]
[Result "1-0"]
[WhiteElo "1910"]
[BlackElo "1760"]
[PlyCount "49"]
[EventDate "2020.01.09"]
[EventType "swiss"]
[EventRounds "5"]
[EventCountry "CAN"]

1. Nf3 d5 2. g3 Nf6 3. Bg2 e6 4. O-O c5 5. c4 Be7 6. cxd5 exd5 7. d4 c4 8. Ne5
O-O 9. Nc3 Nc6 10. Bg5 Be6 11. e3 Nxe5 12. dxe5 Ng4 13. Bxe7 Qxe7 14. Qd4 Rad8
15. Rad1 h5 16. h3 Nh6 17. Nxd5 Rxd5 18. Bxd5 Bxh3 19. Bg2 Bg4 20. Qd6 Qe8 21.
Rd2 Qa4 22. Bxb7 Nf5 23. Bc6 Qa6 24. Qxf8+ Kxf8 25. Rd8+ 1-0

[Event "Montcalm 4 2019-20"]
[Site "Quebec CAN"]
[Date "2020.01.16"]
[Round "2"]
[White "Boissinot, Claude"]
[Black "Sauve, Richard"]
[Result "0-1"]
[WhiteElo "1460"]
[BlackElo "1937"]
[PlyCount "66"]
[EventDate "2020.01.09"]
[EventType "swiss"]
[EventRounds "5"]
[EventCountry "CAN"]

1. e4 e6 2. d4 d5 3. Nc3 Nf6 4. e5 Nfd7 5. f4 c5 6. Nf3 Nc6 7. Bb5 a6 8. Bxc6
bxc6 9. O-O cxd4 10. Nxd4 c5 11. Nf3 Qc7 12. Bd2 Bb7 13. Kh1 Be7 14. Rb1 O-O
15. h3 f6 16. Qe1 fxe5 17. fxe5 Rf5 18. Qg3 Raf8 19. Rbe1 d4 20. Bh6 R8f7 21.
Ne4 Nxe5 22. Neg5 Bxg5 23. Bxg5 Bxf3 24. gxf3 Rxg5 25. Qxg5 Nxf3 26. Rxf3 Rxf3
27. Qg4 Rf6 28. Qg2 Qc8 29. Re5 Qf8 30. Re1 h6 31. Qe2 Qa8+ 32. Kh2 Qb8+ 33.
Kh1 Qg3 0-1

[Event "Montcalm 4 2019-20"]
[Site "Quebec CAN"]
[Date "2020.01.16"]
[Round "2"]
[White "Caire, Francois"]
[Black "Fecteau, Martin"]
[Result "1-0"]
[WhiteElo "2237"]
[BlackElo "1874"]
[PlyCount "57"]
[EventDate "2020.01.09"]
[EventType "swiss"]
[EventRounds "5"]
[EventCountry "CAN"]

1. e4 c5 2. Nf3 Nc6 3. d4 cxd4 4. Nxd4 g6 5. Nc3 Bg7 6. Be3 d6 7. Bc4 Nf6 8. f3
Bd7 9. Qd2 a6 10. O-O-O Rc8 11. Bb3 h5 12. Kb1 Ne5 13. h3 Nc4 14. Bxc4 Rxc4 15.
g4 Be6 16. Nxe6 fxe6 17. Qd3 Rxc3 18. Qxc3 O-O 19. Qb3 Qd7 20. e5 Ne8 21. f4 h4
22. Rhf1 Kh7 23. Rf3 Qc6 24. Bc1 dxe5 25. Rc3 Qg2 26. fxe5 Bxe5 27. Rc8 Rf1 28.
Rxf1 Qxf1 29. Qe3 1-0

[Event "Montcalm 4 2019-20"]
[Site "Quebec CAN"]
[Date "2020.01.16"]
[Round "2"]
[White "Cournoyer, Dominic"]
[Black "Labrecque, Rejean"]
[Result "1/2-1/2"]
[WhiteElo "1929"]
[BlackElo "1786"]
[PlyCount "81"]
[EventDate "2020.01.09"]
[EventType "swiss"]
[EventRounds "5"]
[EventCountry "CAN"]

1. c4 c6 2. Nf3 d5 3. cxd5 cxd5 4. d4 Nf6 5. Bf4 Nc6 6. e3 Nh5 7. Bg5 h6 8. Bh4
Qb6 9. b3 e6 10. Nbd2 Ba3 11. Ne5 Nxe5 12. dxe5 g6 13. Be2 Ng7 14. Qc2 O-O 15.
O-O Bd7 16. e4 Rfc8 17. Qd3 Bc6 18. exd5 Bxd5 19. Ne4 Bxe4 20. Qxe4 Qb4 21.
Qxb4 Bxb4 22. Rac1 Ba3 23. Rc4 Rxc4 24. Bxc4 g5 25. Bg3 Nf5 26. Rd1 Nxg3 27.
hxg3 a6 28. Rd7 b5 29. Be2 Bc5 30. Bh5 Rf8 31. Kf1 f5 32. exf6 Rxf6 33. f3 e5
34. Rc7 Bd4 35. Ke2 Rd6 36. Bg4 Kf8 37. Bf5 Bb6 38. Rb7 Bd4 39. Rc7 Bb6 40. Rb7
Bd4 41. Rc7 1/2-1/2

[Event "Montcalm 4 2019-20"]
[Site "Quebec CAN"]
[Date "2020.01.16"]
[Round "2"]
[White "Hebert, Marc"]
[Black "Perreault, Jacquelin"]
[Result "0-1"]
[WhiteElo "1438"]
[BlackElo "1740"]
[PlyCount "82"]
[EventDate "2020.01.09"]
[EventType "swiss"]
[EventRounds "5"]
[EventCountry "CAN"]

1. d4 Nf6 2. Nf3 b6 3. c4 Bb7 4. Nc3 e6 5. e3 Bb4 6. Bd3 O-O 7. O-O Bxc3 8.
bxc3 d6 9. Qe2 Nbd7 10. Ba3 c5 11. Rab1 Qc7 12. Nd2 Rfe8 13. e4 e5 14. d5 Nf8
15. g3 Bc8 16. Kg2 Qd7 17. f3 Qh3+ 18. Kg1 Ng6 19. Qg2 Qh6 20. Rbe1 Bh3 21. Qe2
Bxf1 22. Nxf1 Qh3 23. Ne3 Ne7 24. Bc1 h5 25. Qf2 g6 26. Ng2 Kg7 27. Bg5 Neg8
28. Nh4 Qd7 29. Qd2 a6 30. Bxf6+ Kxf6 31. f4 Kg7 32. f5 Qe7 33. Rf1 Kh7 34.
fxg6+ fxg6 35. Nf3 Rf8 36. Ng5+ Kh8 37. Ne6 Rxf1+ 38. Bxf1 Qf6 39. Bh3 Kh7 40.
Nc7 Ra7 41. Ne8 Qe7 0-1

[Event "Montcalm 4 2019-20"]
[Site "Quebec CAN"]
[Date "2020.01.16"]
[Round "2"]
[White "Lescarbeau, Martin"]
[Black "Plante, Rejean"]
[Result "1/2-1/2"]
[WhiteElo "1706"]
[BlackElo "1996"]
[PlyCount "64"]
[EventDate "2020.01.09"]
[EventType "swiss"]
[EventRounds "5"]
[EventCountry "CAN"]

1. d4 d5 2. c4 e6 3. Nf3 Nf6 4. g3 Be7 5. Bg2 O-O 6. O-O c6 7. Qc2 Ne4 8. Nc3
f5 9. Ne5 Nd7 10. f3 Nxc3 11. Qxc3 Nxe5 12. dxe5 Qb6+ 13. Kh1 d4 14. Qd2 Bd7
15. e3 c5 16. b3 Bc6 17. exd4 cxd4 18. Bb2 Rfd8 19. Qd3 a5 20. Rad1 Bc5 21. a3
Rd7 22. Qc2 Qd8 23. Rd3 Qe7 24. Rfd1 Rad8 25. a4 g5 26. Qf2 Qg7 27. f4 Be4 28.
R3d2 Bxg2+ 29. Kxg2 gxf4 30. Qxf4 d3 31. Qf3 Bd4 32. Bxd4 Rxd4 1/2-1/2